000 00711nam a2200229Ia 4500
003 OSt
005 20220923212044.0
006 a|||||r|||| 00| 0
007 ta
008 220922b |||||||| |||| 00| 0 hin d
024 _a150,352
037 _cTextual
040 _aARTS
_cARTS
_bhin
041 _2hin
_ahin
082 _aAz7, 152H7-152H8
100 _aश्रीवास्तव, भगवती प्रसाद
245 0 _aविज्ञान के चमत्कार
246 _aVijnyān ke chamatkāra
260 _c1947
942 _hAz7, 152H7-152H8
_cTEXL
_2CC
999 _c306032
_d306032